| 000 | 00614nam a2200205 a 4500 | ||
|---|---|---|---|
| 005 | 20240910064058.0 | ||
| 008 | 030827s2001 mx r 000 0 spa d | ||
| 020 | _a9682323304 | ||
| 035 | _aUPN01000128242 | ||
| 049 | _aCG | ||
| 050 | 4 |
_aHV5020 _bC3.2 |
|
| 100 | 1 | _aCerclé, Alain | |
| 245 | 1 | 3 |
_aEl alcoholismo : _buna explicación para comprender : un ensayo para reflexionar / _cAlain Cerclé ; tr. Eliane Cazenave-Tapie. |
| 260 |
_aMéxico : _bSiglo XXI, _c2001. |
||
| 300 | _a109 p. | ||
| 440 | 0 | _aMosaicos | |
| 534 |
_pTraducción de: _tL´alcoolisme |
||
| 650 | 4 |
_aAlcoholismo _92121 |
|
| 905 | _aLibro | ||
| 999 |
_c100421 _d100421 |
||